Statistics for Countries Closest to Canada by first two letters

Click here to take the quiz!

General Stats

  • This quiz has been taken 289 times
  • The average score is 13 of 20

Answer Stats

kmcountrymiles% Correct
1232Bermuda (United Kingdom)765
99%
0United States0
99%
1809Mexico1124
95%
26Greenland (Denmark)16
81%
2065Cuba1283
78%
1238Russia769
74%
1657Bahamas1030
73%
1638Iceland1018
73%
2625Jamaica1631
73%
2582Haiti1604
65%
2644Dominican Republic1643
64%
2642Belize1642
63%
2733Guatemala1698
63%
2832Sint Maarten (Netherlands)1760
59%
8St Pierre and Miquelon (France)5
59%
2823Honduras1754
56%
2200Norway1367
45%
2352Sweden1461
39%
2342Finland1455
34%
1928Azores (Portugal)1198
31%

Score Distribution

Percentile by Number Answered

Percent of People with Each Score

Your Score History

You have not taken this quiz